000 00607nam a2200229Ia 4500
003 OSt
005 20220926044302.0
006 a|||||r|||| 00| 0
007 ta
008 220923b |||||||| |||| 00| 0 eng d
037 _cGeneral Book
040 _aRTL
_cRTL
_beng
041 _2eng
_aeng
082 _aX9MK;54, G5
110 _aLeague of Nations
_910770
245 0 _aInternational convention concerning the transit of
260 _c1935
650 _aAgriculture Industry
700 _aLeague of Nations
_910771
942 _hX9MK;54, G5
_cGB
_2CC
999 _c674404
_d674404